00912nam a2200265 a 450000100060000000300080000600500170001400800410003102000140007203500190008604000320010504100080013708200200014510000410016524501140020625000130032026000320033330000230036550400290038865000270041770000370044494200120048199900170049395201360051063763BD-RjUL20211209081230.0170104s1950 nyu b 000 1 eng d a684412659 a(BD-RjUL)63893 aDLCcDAYdBD-RjULdEQObeng aeng a808.3bGOH 19501 aGordon, Caroline,d1895-1981918928214aThe house of fiction :ban anthology of the short story, with commentary /cby Caroline Gordon and Allen Tate a2nd ed.  aNew York :bScribner,c1950 ax, 649 p. ;c24 cm aBibliography: p. 638-640 0aShort stories.91855071 aTate, Allen,d1899-1979.9189283 2ddccBK c63763d63763 00102ddc40718FICaRUCLbRUCLcReadingd1989-09-12eAsia Foundationl0o808.3 GOH 1950r2017-02-04 00:00:00tC-1w2017-02-04yBK